Welcome to CU Library Online Public Access Catalogue (OPAC)

Wong's Essentials of Pediatric Nursing (Record no. 8549)

MARC details
000 -LEADER
fixed length control field 00526nam a22001697a 4500
005 - DATE AND TIME OF LATEST TRANSACTION
control field 20251211125705.0
008 - FIXED-LENGTH DATA ELEMENTS--GENERAL INFORMATION
fixed length control field 251211b |||||||| |||| 00| 0 eng d
020 ## - INTERNATIONAL STANDARD BOOK NUMBER
International Standard Book Number 9780323053532
050 ## - LIBRARY OF CONGRESS CALL NUMBER
Classification number RJ245
Item number .W46
245 ## - TITLE STATEMENT
Title Wong's Essentials of Pediatric Nursing
Statement of responsibility, etc. edited by Marilyn J. Hockenberry & David Wilson
250 ## - EDITION STATEMENT
Edition statement 8th ed.
260 ## - PUBLICATION, DISTRIBUTION, ETC.
Place of publication, distribution, etc. St. Louis
Name of publisher, distributor, etc. Mosby Elsevier
Date of publication, distribution, etc. 2009
300 ## - PHYSICAL DESCRIPTION
Extent xxxiii. 1245p.
Other physical details ill. color
Dimensions 28.5cm
700 ## - ADDED ENTRY--PERSONAL NAME
Personal name Hockenberry, Marilyn J.
700 ## - ADDED ENTRY--PERSONAL NAME
Personal name Wilson, David
942 ## - ADDED ENTRY ELEMENTS (KOHA)
Source of classification or shelving scheme Library of Congress Classification
Koha item type Books
Edition 8th ed.
Suppress in OPAC No
999 ## -
-- 8549
-- 8549
Holdings
Withdrawn status Lost status Source of classification or shelving scheme Damaged status Not for loan Collection Home library Current library Shelving location Date acquired Total checkouts Full call number Barcode Date last seen Copy number Price effective from Koha item type
    Library of Congress Classification     Non-fiction Science Library (Miotso) Science Library (Miotso) Reference 12/11/2025   RJ245 .W46 WON SLM00006607 12/11/2025 1 12/11/2025 Books
© 2023-2024 Copyright: Central University Libraries. All Rights Reserved | Created by: Mahone Tech Office